| 000 | 00402nam a2200169Ia 4500 | ||
|---|---|---|---|
| 005 | 20260415160342.0 | ||
| 008 | 008 250505s9999 xx 000 0 hin d | ||
| 037 | _aTextual | ||
| 040 |
_aFEDL _beng _cFEDL |
||
| 041 |
_ahin _2eng |
||
| 084 |
_aFH ASH _qFEDL |
||
| 100 | _aAshk Upendranath | ||
| 245 | 0 | _aAnkur | |
| 300 | _a125p. | ||
| 942 |
_cTEXL _hFH ASH |
||
| 999 |
_c1322002 _d1322002 |
||